| 000 | 00547nam a2200181Ia 4500 | ||
|---|---|---|---|
| 008 | 220216s9999 xx 000 0 und d | ||
| 100 |
_aKaplan Jedo _cet al |
||
| 245 | 4 | _aThe effects of land use and climate change on the carbon cycle of Europe over the past 500 years | |
| 260 |
_bGlobal Change Biology _c2012 |
||
| 300 | _a902-914 | ||
| 650 | _aCarbon cycle | ||
| 650 | _aCarbon sequestration | ||
| 650 | _aClimate change | ||
| 650 | _aDynamic global vegetation model | ||
| 650 | _aForest transition | ||
| 650 | _aLand use | ||
| 942 | _cJS | ||
| 999 |
_c70664 _d70664 |
||